Vlaggen van Landen die beginnen met Z - Statistieken

Algemene statistieken
  • Deze quiz is 2.777 keer genomen
  • De gemiddelde score is 7 van 7
Antwoordstatistieken
Foto Antwoord % Correct
Zuid-Korea
100%
Zuid-Afrika
99%
Zweden
98%
Zwitserland
97%
Zimbabwe
92%
Zambia
91%
Zuid-Soedan
79%
Geen overeenkomende quizzen gevonden
Scoreverdeling
Procent van Mensen met Elke Score
Percentiel versus Aantal Correcte Antwoorden
Uw Scoregeschiedenis
U heeft deze quiz nog niet genomen